[Event "Criciuma op-A"]
[Site "Criciuma"]
[Date "2024.01.16"]
[Round "6"]
[White "Jenidarchiche, Douglas Rodrigo"]
[Black "Cardoso, Lucas Emanuel Alves"]
[Result "1-0"]
[WhiteElo "1845"]
[BlackElo "1710"]
[PlyCount "101"]
[EventDate "2024.01.12"]
[EventType "swiss"]
[EventRounds "9"]
[EventCountry "BRA"]
[SourceTitle "CB04_2024"]
[SourceDate "2023.10.16"]
[SourceVersion "1"]
[SourceVersionDate "2023.10.16"]
[SourceQuality "1"]

1. e4 c5 2. Nf3 d6 3. d3 Nc6 4. c3 e6 5. g3 g6 6. Bg2 Bg7 7. 0-0 Nge7 8. Bg5 0-0 9. Qd2 Qc7 10. Bh6 Rb8 11. h4 b5 12. Nh2 e5 13. Na3 Be6 14. Nc2 b4 15. Bxg7 Kxg7 16. Ne3 bxc3 17. bxc3 h5 18. Rfc1 Qa5 19. Nf3 Qb6 20. Ng5 Qb2 21. Qe1 Qb7 22. Nxe6+ fxe6 23. Nc4 Qc7 24. Rc2 Ng8 25. Bh3 d5 26. Nd2 Rf6 27. Rb1 Rxb1 28. Qxb1 Nge7 29. Rb2 Qa5 30. Rb3 c4 31. dxc4 Qc5 32. Qf1 d4 33. Kg2 dxc3 34. Rxc3 Qa5 35. Rc2 Nb4 36. Nb3 Qc7 37. Rd2 a5 38. a3 Nbc6 39. Qd1 Qb6 40. c5 Qb5 41. Qc2 a4 42. Nc1 Nd4 43. Qc3 Qc6 44. Qe3 Rf3 45. Qe1 Rxa3 46. Nd3 Nb3 47. Nxe5 Qxc5 48. Rd7 Ra1 49. Qe2 Qc1 50. Rxe7+ Kf8 51. Nxg6+ 1-0

[Event "Criciuma op-A"]
[Site "Criciuma"]
[Date "2024.01.13"]
[Round "3"]
[White "Jenidarchiche, Douglas Rodrigo"]
[Black "Bitencourt, Evandro Jose dos S"]
[Result "1/2-1/2"]
[WhiteElo "1845"]
[BlackElo "1863"]
[PlyCount "99"]
[EventDate "2024.01.12"]
[EventType "swiss"]
[EventRounds "9"]
[EventCountry "BRA"]
[SourceTitle "CB04_2024"]
[SourceDate "2023.10.16"]
[SourceVersion "1"]
[SourceVersionDate "2023.10.16"]
[SourceQuality "1"]

1. e4 c5 2. Nf3 d6 3. Bb5+ Bd7 4. Bxd7+ Qxd7 5. 0-0 Nc6 6. Qe2 Nf6 7. Rd1 Qc7 8. c3 e6 9. d4 cxd4 10. cxd4 d5 11. e5 Ne4 12. Nbd2 Nxd2 13. Bxd2 Be7 14. Rac1 Qb6 15. Rc3 0-0 16. Bg5 Bxg5 17. Nxg5 h6 18. Nf3 Rfc8 19. Rdc1 Ne7 20. g4 Rxc3 21. Rxc3 Rc8 22. Qc2 Rxc3 23. Qxc3 Qc6 24. Kf1 Qc4+ 25. Qxc4 dxc4 26. a4 a6 27. Nd2 b5 28. Ke2 Nd5 29. axb5 axb5 30. Ne4 Nb6 31. Nd6 b4 32. Kd2 Kf8 33. f4 Ke7 34. h4 c3+ 35. bxc3 bxc3+ 36. Kd3 Nd5 37. f5 c2 38. Kxc2 Ne3+ 39. Kd3 Nxg4 40. Ke2 h5 41. Kf3 f6 42. Kf4 fxe5+ 43. dxe5 exf5 44. Nxf5+ Kf7 45. e6+ Kxe6 46. Nxg7+ Kf7 47. Nxh5 Nf6 48. Ng3 Kg6 49. h5+ Nxh5+ 50. Nxh5 1/2-1/2

[Event "Joacaba op 2nd"]
[Site "Joacaba"]
[Date "2023.07.02"]
[Round "6"]
[White "Manfroi, Alexander Giannini1"]
[Black "Jenidarchiche, Douglas Rodrigo"]
[Result "0-1"]
[WhiteElo "1738"]
[BlackElo "1801"]
[PlyCount "136"]
[EventDate "2023.06.30"]
[EventType "swiss"]
[EventRounds "6"]
[EventCountry "BRA"]
[SourceTitle "CBM 215 Extra"]
[Source "ChessBase"]
[SourceDate "2023.09.30"]
[SourceVersion "1"]
[SourceVersionDate "2023.09.30"]
[SourceQuality "1"]

1. d4 Nf6 2. Nc3 d5 3. Bf4 c6 4. e3 Bf5 5. f3 h6 6. g4 Bh7 7. h4 e6 8. Bd3 Bd6 9. Bxh7 Bxf4 10. exf4 Nxh7 11. Qd2 Nd7 12. g5 Qe7 13. 0-0-0 0-0-0 14. Nh3 Nhf8 15. Nf2 Nb6 16. b3 Qa3+ 17. Kb1 h5 18. Nd3 Nfd7 19. Ka1 g6 20. Nb1 Qd6 21. Ne5 Rhf8 22. a4 Kb8 23. a5 Nc8 24. b4 Ne7 25. c3 Nf5 26. Na3 Ka8 27. Nc2 Nxe5 28. fxe5 Qc7 29. Kb2 Kb8 30. Ne3 Ne7 31. Ra1 Kc8 32. Rhb1 Kd7 33. Qd3 Rb8 34. Kc2 Rfc8 35. Kd2 Ra8 36. Ra2 b6 37. Rba1 Qb7 38. Ke1 Kd8 39. Kf2 c5 40. axb6 axb6 41. Qb5 cxd4 42. cxd4 Qc6 43. Qxc6 Rxa2+ 44. Rxa2 Nxc6 45. Nc2 Kc7 46. Ke3 Kb7 47. Kd3 Ne7 48. Ne3 Rc1 49. Rh2 Nc6 50. Nc2 Rb1 51. Kc3 Rf1 52. Rh3 Ka6 53. Na3 Ne7 54. Kd2 Nf5 55. Nc2 Kb5 56. f4 Rxf4 57. Na3+ Ka4 58. Rc3 Rxd4+ 59. Kc2 Nxh4 60. Rc6 Kxa3 61. Rxb6 Rc4+ 62. Kb1 Rxb4+ 63. Ka1 Kb3 64. Rc6 d4 65. Ra6 d3 66. Ra3+ Kc4 67. Ra2 Kd4 68. Rh2 Nf3 0-1

[Event "Concordia op 6th"]
[Site "Concordia"]
[Date "2022.10.15"]
[Round "7"]
[White "Cubas, Jose Fernando"]
[Black "Jenidarchiche, Douglas Rodrigo"]
[Result "1-0"]
[WhiteElo "2468"]
[BlackElo "1863"]
[PlyCount "69"]
[EventDate "2022.10.12"]
[EventType "swiss"]
[EventRounds "9"]
[EventCountry "BRA"]
[SourceTitle "CBM 210 Extra"]
[Source "ChessBase"]
[SourceDate "2022.11.30"]
[SourceVersion "1"]
[SourceVersionDate "2022.11.30"]
[SourceQuality "1"]

1. e4 e5 2. Nf3 Nc6 3. d4 exd4 4. Nxd4 Qf6 5. Nb3 Qg6 6. f3 Bd6 7. Nc3 Bxh2 8. Rxh2 Qg3+ 9. Ke2 Qxh2 10. Nd5 b6 11. Bf4 Ba6+ 12. Kf2 Qh4+ 13. Bg3 Qd8 14. Nxc7+ Kf8 15. Bxa6 Rb8 16. Nb5 Nf6 17. Bxb8 Nxb8 18. Bb7 a6 19. Qd6+ Kg8 20. N5d4 h5 21. Nf5 Kh7 22. e5 Ne8 23. Qe7 Qc7 24. Be4 d5 25. exd6 Qd7 26. Qxd7 Nxd7 27. Bc6 Nef6 28. Bxd7 Nxd7 29. Re1 Kg6 30. Nbd4 Kf6 31. Re7 Rd8 32. Ne3 Nc5 33. Nd5+ Kg6 34. Nf4+ Kh6 35. Rxf7 1-0

[Event "Concordia op 6th"]
[Site "Concordia"]
[Date "2022.10.14"]
[Round "5"]
[White "Jenidarchiche, Douglas Rodrigo"]
[Black "Borges, Luis Enrique Rosa"]
[Result "1-0"]
[WhiteElo "1863"]
[BlackElo "1545"]
[PlyCount "57"]
[EventDate "2022.10.12"]
[EventType "swiss"]
[EventRounds "9"]
[EventCountry "BRA"]
[SourceTitle "CBM 210 Extra"]
[Source "ChessBase"]
[SourceDate "2022.11.30"]
[SourceVersion "1"]
[SourceVersionDate "2022.11.30"]
[SourceQuality "1"]

1. d4 d5 2. c4 e6 3. Nf3 Nf6 4. Nc3 Nbd7 5. Bf4 Bb4 6. e3 0-0 7. Bd3 dxc4 8. Bxc4 Nb6 9. Bd3 Nfd5 10. 0-0 Nxf4 11. exf4 Nd5 12. g3 Nxc3 13. bxc3 Bxc3 14. Bxh7+ Kh8 15. Rc1 Bb4 16. Bb1 g6 17. h4 Bd6 18. h5 Kg7 19. hxg6 fxg6 20. Qc2 Rf6 21. Ne5 c6 22. Kg2 Qe8 23. Rh1 Bd7 24. Rh2 Bxe5 25. dxe5 Rf5 26. Rch1 Rh5 27. Rxh5 gxh5 28. Qh7+ Kf8 29. Bg6 1-0

[Event "Niteroi op 2nd"]
[Site "Niteroi"]
[Date "2022.09.05"]
[Round "7"]
[White "Araujo, Renan Aparecido"]
[Black "Jenidarchiche, Douglas Rodrigo"]
[Result "1-0"]
[WhiteElo "2031"]
[BlackElo "1826"]
[PlyCount "117"]
[EventDate "2022.09.01"]
[EventType "swiss"]
[EventRounds "9"]
[EventCountry "BRA"]
[SourceTitle "CBM 210 Extra"]
[Source "ChessBase"]
[SourceDate "2022.11.30"]
[SourceVersion "1"]
[SourceVersionDate "2022.11.30"]
[SourceQuality "1"]

1. e4 e5 2. Nf3 Nc6 3. Bb5 a6 4. Ba4 d6 5. 0-0 g6 6. c4 Bg7 7. d4 Bd7 8. d5 Nb8 9. Nc3 Ne7 10. Be3 h6 11. b4 0-0 12. c5 f5 13. Bc2 f4 14. Bc1 g5 15. Nd2 g4 16. Nc4 Rf6 17. a4 Qe8 18. cxd6 cxd6 19. Nb6 Ra7 20. Nxd7 Nxd7 21. Qxg4 b6 22. Bd1 Rc7 23. Bd2 Rg6 24. Qh3 Qd8 25. Be2 Nf8 26. Bxa6 Nh7 27. Kh1 Kh8 28. Nb5 Ng5 29. Qd3 Rd7 30. Rac1 Bf8 31. a5 bxa5 32. bxa5 Qa8 33. Rc7 Rxc7 34. Nxc7 Qa7 35. Qc4 Nxe4 36. Qxe4 Qxc7 37. Bd3 Qc5 38. Bb4 Qc7 39. a6 Rg7 40. Ra1 Nc8 41. Bd2 Na7 42. g3 Qc5 43. Rf1 Re7 44. Bb4 Qb6 45. gxf4 Qd4 46. fxe5 Qxe4+ 47. Bxe4 Rxe5 48. Bc3 Bg7 49. Bxe5 Bxe5 50. Rb1 Bd4 51. f4 Kg7 52. Rb7+ Kg8 53. Kg2 Kf8 54. Bf5 Kg8 55. Be6+ Kf8 56. Kf3 Bc5 57. Ke4 Bf2 58. f5 Bc5 59. f6 1-0

[Event "Florianopolis Autumn op U2300"]
[Site "Florianopolis"]
[Date "2022.05.15"]
[Round "6"]
[White "Jenidarchiche, Douglas Rodrigo"]
[Black "Pavao, Fabio Biasi"]
[Result "0-1"]
[WhiteElo "1824"]
[BlackElo "1786"]
[PlyCount "124"]
[EventDate "2022.05.13"]
[EventType "swiss"]
[EventRounds "6"]
[EventCountry "BRA"]
[SourceTitle "CBM 208 Extra"]
[Source "ChessBase"]
[SourceDate "2022.07.31"]
[SourceVersion "1"]
[SourceVersionDate "2022.07.31"]
[SourceQuality "1"]

1. e4 c5 2. Nf3 g6 3. d4 cxd4 4. Qxd4 Nf6 5. Nc3 Nc6 6. Qa4 d6 7. e5 dxe5 8. Nxe5 Bd7 9. Nxd7 Qxd7 10. Be3 Bg7 11. Rd1 Qc8 12. Be2 0-0 13. 0-0 Rd8 14. Rxd8+ Qxd8 15. Rd1 Qa5 16. Qxa5 Nxa5 17. g4 Kf8 18. Nb5 a6 19. Nc7 Rc8 20. Bb6 Nc6 21. Bf3 Ne8 22. Nxe8 Kxe8 23. c3 e6 24. h3 Be5 25. Kf1 Bc7 26. Be3 Rd8 27. Ke2 Rxd1 28. Kxd1 Kd7 29. a4 Be5 30. Kc2 Kc7 31. g5 Ne7 32. Be4 Nf5 33. Bd2 Ng7 34. b4 Nh5 35. h4 f6 36. c4 fxg5 37. hxg5 Bf4 38. c5 Bxd2 39. Kxd2 Nf4 40. Ke3 e5 41. Bh1 Nh3 42. Ke4 Nxf2+ 43. Kxe5 Nxh1 44. Kf6 Ng3 45. Kg7 Ne4 46. Kxh7 Nxg5+ 47. Kxg6 Ne4 48. Kf5 Nxc5 49. bxc5 Kc6 50. Ke4 Kxc5 51. Kd3 Kb4 52. a5 Kxa5 53. Kc3 Ka4 54. Kb2 b5 55. Ka2 Kb4 56. Kb2 a5 57. Ka2 Kc3 58. Kb1 b4 59. Kc1 b3 60. Kb1 b2 61. Ka2 Kc2 62. Ka3 b1Q 0-1

[Event "Florianopolis op 8th"]
[Site "Florianopolis"]
[Date "2022.01.25"]
[Round "3"]
[White "Moretto, Leticia Soares"]
[Black "Jenidarchiche, Douglas Rodrigo"]
[Result "0-1"]
[WhiteElo "1331"]
[BlackElo "1811"]
[PlyCount "48"]
[EventDate "2022.01.24"]
[EventType "swiss"]
[EventRounds "10"]
[EventCountry "BRA"]
[SourceTitle "EXT 2023"]
[Source "ChessBase"]
[SourceDate "2022.10.05"]
[SourceVersion "1"]
[SourceVersionDate "2022.10.05"]
[SourceQuality "1"]

1. e4 e5 2. Nf3 Nc6 3. Bc4 Bc5 4. 0-0 Nf6 5. Nc3 a5 6. d3 h6 7. Re1 d6 8. h3 Ne7 9. Be3 Bxe3 10. Rxe3 Ng6 11. Nd5 c6 12. Nxf6+ Qxf6 13. d4 0-0 14. dxe5 dxe5 15. Nd2 b5 16. Be2 Nf4 17. Bg4 Rd8 18. Bxc8 Raxc8 19. Rf3 Qd6 20. g3 Nxh3+ 21. Kh2 Qxd2 22. Qxd2 Rxd2 23. Kxh3 Rxc2 24. b3 Re2 0-1